境内全国特色景观旅游名镇(村)达到3个的直辖市和地级行政区 - Statistics

General Stats
  • This quiz has been taken 9 times
  • The average score is 7 of 16
Answer Stats
数量 地点 % Correct
10个 苏州市
100%
9个 北京市
100%
9个 重庆市
89%
4个 无锡市
89%
3个 洛阳市
56%
5个 南阳市
44%
4个 桂林市
44%
3个 伊犁州
33%
4个 巴音郭楞州
22%
3个 晋中市
22%
3个 潍坊市
22%
4个 龙岩市
11%
3个 赤峰市
11%
3个 晋城市
11%
3个 运城市
11%
3个 延边州
0%
No matching quizzes found
Score Distribution
Percent of People with Each Score
Percentile by Number Answered
Your Score History
You have not taken this quiz